Bharat ki paanch kalayen (Record no. 41105)

MARC details
000 -LEADER
fixed length control field 00351nam a2200145Ia 4500
008 - FIXED-LENGTH DATA ELEMENTS--GENERAL INFORMATION
fixed length control field 230917s9999||||xx |||||||||||||| ||und||
040 ## - CATALOGING SOURCE
-- 157392
Original cataloging agency VIVEKANANDA LIBRARY
041 ## - Language
-- English
082 ## - DDC NUMBER
Classification number 709.54 M261B
100 ## - MAIN ENTRY--PERSONAL NAME
Personal name Madan Gopal
245 #0 - TITLE STATEMENT
Title Bharat ki paanch kalayen
260 ## - PUBLICATION, DISTRIBUTION, ETC. (IMPRINT)
Place of publication, distribution, etc Baroda
Name of publisher, distributor, etc Shiva Pustakalaya
Date of publication, distribution, etc [n.d.]
300 ## - PHYSICAL DESCRIPTION
Pages 143 p.
942 ## - ADDED ENTRY ELEMENTS (KOHA)
Koha item type Books
Holdings
Withdrawn status Lost status Damaged status Not for loan Location (home branch) Sublocation or collection (holding branch) Date acquired Koha issues (times borrowed) Koha full call number Accession No. Koha date last seen Koha item type
        VIVEKANANDA LIBRARY VIVEKANANDA LIBRARY 23/06/2010   709.54 M261B 10715 17/09/2023 Books
© Designed and Maintained by Vivekananda Library, MDU Rohtak